00267nam a2200109Ia 4500008004100000041000800041082001200049100002400061245002600085260003800111300000800149230511s1978 xx 000 0 und d aeng a348.041 aRatanlal Ranchodas  aBombay Law Reporter  aMumbaibBombay Law Reporterc1978 a881